000 00526nam a22001937a 4500
005 20231016113804.0
008 231016b ||||| |||| 00| 0 eng d
020 _a9789393805966
040 _aIN-DiNC
_cIN-DiNC
041 _deng
082 _a301.092
_bBHU
100 _aBhuyan, Dilip Kumar
_eauthor
245 _aSociological thinkers(II)/
_cby Dilip Kumar Bhuyan
250 _a1st ed.
260 _aDibrugarh:
_bBanalata,
_c2023.
300 _a139p.
650 _aPost colonial theories in sociology
942 _2ddc
_cBK
999 _c11709
_d11709